Global local : cultural production and the transnational imaginary = Global local: la producción cultural y el imaginario transnacional /

Guardado en:
Bibliografiske detaljer
Autores principales: Wilson, Rob, 1947-, Dissanayake, Wimal
Format: Ukendt
Sprog:English
Udgivet: Durham : Duke University Press, 1996.
Fag:
Tags: Tilføj Tag
Ingen Tags, Vær først til at tagge denne postø!

MARC

LEADER 000000000a22000000004500
001 011251
020 |a 0822317125 
041 0 |a eng 
082 0 4 |a 303.48   |b W698g 
100 1 |a Wilson, Rob,   |d 1947- 
100 1 |a Dissanayake, Wimal 
245 1 0 |a Global local :   |b cultural production and the transnational imaginary = Global local: la producción cultural y el imaginario transnacional /   |c Rob Wilson, Wimal Dissanayake. 
260 1 |a Durham :   |b Duke University Press,   |c 1996. 
300 |a 399 páginas 
500 |a La biblioteca contiene 2 ejemplares 
650 4 |a COMUNICACION INTERCULTURAL 
650 4 |a ASIA 
650 4 |a REGIONALISMO 
650 4 |a CIVILIZACION 
650 4 |a AREA PACIFICA 
999 |c 16554  |d 16554 
942 |c BK  |h 303.48 W698g  |2 z